| 000 | 00573nam a22002177a 4500 | ||
|---|---|---|---|
| 003 | BCEG | ||
| 005 | 20260110124458.0 | ||
| 008 | 260110s1992 mx |||||||||||||||f|spa|d | ||
| 020 | _a9682705525 | ||
| 040 |
_aBCEG _bspa _cBCEG |
||
| 082 | 0 | 4 |
_aU863.4 _bC512a |
| 100 | 1 | 0 |
_aChavarría, Daniel, _d1933-2018. |
| 245 | 1 | _aAllá ellos. | |
| 260 |
_aMéxico : _bJoaquín Mortiz, _c1992. |
||
| 300 | _a430 p. | ||
| 490 | _aNovelistas Contemporáneos. | ||
| 500 | _aCon dedicatoria de autor. 21/04/1993. | ||
| 541 | _aDonación. | ||
| 650 | 1 | 4 | _aNovela uruguaya. |
| 942 | _cBK | ||
| 999 |
_c436975 _d436975 |
||